Подробности
| 000 -МАРКЕР |
| контрольное поле |
03239nam0a2200673 4500 |
| 001 - ИДЕНТИФИКАТОР ЗАПИСИ |
| контрольное поле |
RU\NLR\bibl\1487271 |
| 005 - ИДЕНТИФИКАТОР ВЕРСИИ |
| контрольное поле |
20250616011557.0 |
| 010 ## - МЕЖДУНАРОДНЫЙ СТАНДАРТНЫЙ НОМЕР КНИГИ (ISBN) |
| Номер (ISBN) |
978-5-9296-0424-9 |
| Тираж |
500 |
| 021 ## - НОМЕР ГОСУДАРСТВЕННОЙ РЕГИСТРАЦИИ |
| Код страны |
Российская Федерация |
| Номер |
2010-3652 |
| Номер Листа государственной регистраци |
227 |
| 035 ## - ДРУГИЕ СИСТЕМНЫЕ НОМЕРА |
| Идентификатор записи |
(nilc)RSL-KNO-004572896 |
| 035 ## - ДРУГИЕ СИСТЕМНЫЕ НОМЕРА |
| Идентификатор записи |
1VIL\RUSMED\0000161189 |
| 035 ## - ДРУГИЕ СИСТЕМНЫЕ НОМЕРА |
| Идентификатор записи |
RSL-KNO-004572896 |
| 035 ## - ДРУГИЕ СИСТЕМНЫЕ НОМЕРА |
| Идентификатор записи |
(NLR Aleph) 001478872 |
| 100 ## - ДАННЫЕ ОБЩЕЙ ОБРАБОТКИ |
| Данные общей обработки |
20100127d2009 |||y0rusy50 ca |
| 101 0# - ЯЗЫК РЕСУРСА |
| Язык текста, звукозаписи и т.д. |
русский |
| 102 ## - СТРАНА ПУБЛИКАЦИИ ИЛИ ПРОИЗВОДСТВА |
| Страна публикации |
Российская Федерация |
| 105 ## - ПОЛЕ КОДИРОВАННЫХ ДАННЫХ: ТЕКСТОВЫЕ МАТЕРИАЛЫ, МОНОГРАФИЧЕСКИЕ |
| Кодированные данные о монографическом текстовом документе |
a ||||||||| |
| 200 1# - ЗАГЛАВИЕ И СВЕДЕНИЯ ОБ ОТВЕТСТВЕННОСТИ |
| Основное заглавие |
Лабораторный мониторинг эффективности лечения урогенитального хламидиоза |
| Сведения, относящиеся к заглавию |
монография |
| Первые сведения об ответственности |
Т.П. Бондарь, Ф.К. Шебзухова |
| Последующие сведения об ответственности |
Федер. агентство по образованию, ГОУ ВПО "Сев.-Кавк. гос. техн. ун-т", ГОУ ВПО Ставропол. гос. ун-т |
| 210 ## - ПУБЛИКАЦИЯ, РАСПРОСТРАНЕНИЕ И ДР. |
| Место издания, распространения и т.д. |
Ставрополь |
| Имя издателя, распространителя и т. д. |
Изд-во Северо-Кавказского государственного технического университета |
| Дата издания, распространения и т.д. |
2009 |
| 215 ## - ФИЗИЧЕСКАЯ ХАРАКТЕРИСТИКА |
| Специфическое обозначение материала и объем |
108 с. |
| Другие сведения о физической характеристике |
ил. |
| Размеры |
21 |
| 320 ## - ПРИМЕЧАНИЯ О НАЛИЧИИ В ДОКУМЕНТЕ БИБЛИОГРАФИИ / УКАЗАТЕЛЯ |
| Текст примечания |
Библиогр.: с. 104-107 (36 назв.) |
| 541 0# - ПЕРЕВОД ЗАГЛАВИЯ, СДЕЛАННЫЙ КАТАЛОГИЗАТОРОМ |
| Заглавие |
Laboratory monitoring of efficacy of treatment of urogenital chlamydiosis |
| 606 1# - НАИМЕНОВАНИЕ ТЕМЫ КАК ПРЕДМЕТ |
| Наименование темы |
Хламидиозы мочеполовых органов женщин |
| Системный номер авторитетной/нормативной записи |
2423260 |
| Идентификатор авторитетной/нормативной записи |
RU\NLR\auth\661442943 |
| 606 1# - НАИМЕНОВАНИЕ ТЕМЫ КАК ПРЕДМЕТ |
| Наименование темы |
ХЛАМИДИОЗЫ |
| Тематический подзаголовок |
диагностика |
| Код системы |
rus_mesh |
| Идентификатор авторитетной/нормативной записи |
R2791-5.1 |
| 606 1# - НАИМЕНОВАНИЕ ТЕМЫ КАК ПРЕДМЕТ |
| Наименование темы |
CHLAMYDIACEAE INFECTIONS |
| Тематический подзаголовок |
diagnosis |
| Код системы |
rus_mesh |
| Идентификатор авторитетной/нормативной записи |
E2791-5.1 |
| 606 1# - НАИМЕНОВАНИЕ ТЕМЫ КАК ПРЕДМЕТ |
| Наименование темы |
МОЧЕВЫХ ПУТЕЙ ИНФЕКЦИИ |
| Тематический подзаголовок |
диагностика |
| Код системы |
rus_mesh |
| Идентификатор авторитетной/нормативной записи |
R14769-5.1 |
| 606 1# - НАИМЕНОВАНИЕ ТЕМЫ КАК ПРЕДМЕТ |
| Наименование темы |
URINARY TRACT INFECTIONS |
| Тематический подзаголовок |
diagnosis |
| Код системы |
rus_mesh |
| Идентификатор авторитетной/нормативной записи |
E14769-5.1 |
| 606 1# - НАИМЕНОВАНИЕ ТЕМЫ КАК ПРЕДМЕТ |
| Наименование темы |
ЛАБОРАТОРНЫЕ МЕТОДЫ И ПРОЦЕДУРЫ |
| Код системы |
rus_mesh |
| Идентификатор авторитетной/нормативной записи |
R4046 |
| 606 1# - НАИМЕНОВАНИЕ ТЕМЫ КАК ПРЕДМЕТ |
| Наименование темы |
LABORATORY TECHNIQUES AND PROCEDURES |
| Код системы |
rus_mesh |
| Идентификатор авторитетной/нормативной записи |
E4046 |
| 606 1# - НАИМЕНОВАНИЕ ТЕМЫ КАК ПРЕДМЕТ |
| Наименование темы |
Хламидиозы мочеполовых органов |
| Тематический подзаголовок |
Терапия |
| -- |
Эффективность |
| -- |
Мониторинг |
| Системный номер авторитетной/нормативной записи |
2590722 |
| Идентификатор авторитетной/нормативной записи |
RU\NLR\auth\661531039 |
| 686 ## - ИНДЕКСЫ ДРУГИХ КЛАССИФИКАЦИЙ |
| Индекс |
Р715.016-45,0 |
| Код системы |
|
| 686 ## - ИНДЕКСЫ ДРУГИХ КЛАССИФИКАЦИЙ |
| Индекс |
76.29.43 |
| Код системы |
|
| 686 ## - ИНДЕКСЫ ДРУГИХ КЛАССИФИКАЦИЙ |
| Индекс |
76.29.50 |
| Код системы |
|
| 686 ## - ИНДЕКСЫ ДРУГИХ КЛАССИФИКАЦИЙ |
| Индекс |
76.03.43 |
| Код системы |
|
| 686 ## - ИНДЕКСЫ ДРУГИХ КЛАССИФИКАЦИЙ |
| Индекс |
76.35.33 |
| Код системы |
|
| 686 ## - ИНДЕКСЫ ДРУГИХ КЛАССИФИКАЦИЙ |
| Индекс |
C01.252.400.210 - диагностика |
| Издание |
2010 |
| Код системы |
|
| 686 ## - ИНДЕКСЫ ДРУГИХ КЛАССИФИКАЦИЙ |
| Индекс |
C01.252.400.210 - diagnosis |
| Издание |
2010 |
| Код системы |
|
| 686 ## - ИНДЕКСЫ ДРУГИХ КЛАССИФИКАЦИЙ |
| Индекс |
C01.539.895 - диагностика |
| Издание |
2010 |
| Код системы |
|
| 686 ## - ИНДЕКСЫ ДРУГИХ КЛАССИФИКАЦИЙ |
| Индекс |
C12.777.892 - диагностика |
| Издание |
2010 |
| Код системы |
|
| 686 ## - ИНДЕКСЫ ДРУГИХ КЛАССИФИКАЦИЙ |
| Индекс |
C13.351.968.892 - диагностика |
| Издание |
2010 |
| Код системы |
|
| 686 ## - ИНДЕКСЫ ДРУГИХ КЛАССИФИКАЦИЙ |
| Индекс |
C01.539.895 - diagnosis |
| Издание |
2010 |
| Код системы |
|
| 686 ## - ИНДЕКСЫ ДРУГИХ КЛАССИФИКАЦИЙ |
| Индекс |
C12.777.892 - diagnosis |
| Издание |
2010 |
| Код системы |
|
| 686 ## - ИНДЕКСЫ ДРУГИХ КЛАССИФИКАЦИЙ |
| Индекс |
C13.351.968.892 - diagnosis |
| Издание |
2010 |
| Код системы |
|
| 686 ## - ИНДЕКСЫ ДРУГИХ КЛАССИФИКАЦИЙ |
| Индекс |
E01.450 |
| Издание |
2010 |
| Код системы |
|
| 686 ## - ИНДЕКСЫ ДРУГИХ КЛАССИФИКАЦИЙ |
| Индекс |
Р716.016-5 |
| 686 ## - ИНДЕКСЫ ДРУГИХ КЛАССИФИКАЦИЙ |
| Индекс |
Р696.016-5 |
| 700 #1 - ИМЯ ЛИЦА - ПЕРВИЧНАЯ ОТВЕТСТВЕННОСТЬ |
| Начальный элемент ввода |
Бондарь |
| Часть имени, кроме начального элемента ввода |
Т. П. |
| Расширение инициалов личного имени |
Татьяна Петровна |
| Код отношения |
Автор |
| 701 #1 - ИМЯ ЛИЦА - АЛЬТЕРНАТИВНАЯ ОТВЕТСТВЕННОСТЬ |
| Начальный элемент ввода |
Шебзухова |
| Часть имени, кроме начального элемента ввода |
Ф. К. |
| Код отношения |
Автор |
| 801 #0 - ИСТОЧНИК ЗАПИСИ |
| Страна |
Российская Федерация |
| Организация |
RuMoRGB |
| Дата составления |
20100127 |
| Правила каталогизации |
rcr |
| 801 #1 - ИСТОЧНИК ЗАПИСИ |
| Страна |
Российская Федерация |
| Организация |
RuMoRGB |
| Дата составления |
20100127 |
| 801 #2 - ИСТОЧНИК ЗАПИСИ |
| Страна |
Российская Федерация |
| Организация |
ЦНМБ |
| Дата составления |
20100204 |
| 801 #2 - ИСТОЧНИК ЗАПИСИ |
| Страна |
Российская Федерация |
| Организация |
ЦНМБ |
| Дата составления |
20100225 |
| 801 #2 - ИСТОЧНИК ЗАПИСИ |
| Страна |
Российская Федерация |
| Организация |
NLR |
| Дата составления |
20100319 |
| Правила каталогизации |
rcr |
| 830 ## - ОБЩЕЕ ПРИМЕЧАНИЕ, СОСТАВЛЕННОЕ КАТАЛОГИЗАТОРОМ |
| Текст примечания |
2-го авт. в кат. нет |
| 942 ## - ДОПОЛНИТЕЛЬНЫЕ ЭЛЕМЕНТЫ ЗАПИСИ (АБИС) |
| Тип экземпляра АБИС |
Книга |
| 980 ## - КОЛЛЕКЦИЯ |
| Название коллекции |
Национальная библиография |
| 980 ## - КОЛЛЕКЦИЯ |
| Название коллекции |
НБР |